USMCA Subdivisions that Start with U, S, M, C, or A - Statistics

General Stats
  • This quiz has been taken 25 times
  • The average score is 26 of 33
Answers on the Map
Answers color-coded by a green-red scale on the quiz's map according to % correct below.
 
Answer Stats
Country State/Province/Territory % Correct
United States Alaska
100%
United States Alabama
95%
United States Arkansas
95%
United States California
95%
United States Arizona
91%
United States Massachusetts
91%
United States Mississippi
91%
United States Missouri
91%
United States Montana
91%
United States South Carolina
91%
United States Utah
91%
Canada Alberta
86%
United States Colorado
86%
United States Connecticut
86%
United States Maine
86%
Canada Manitoba
86%
United States Maryland
86%
Mexico México
86%
United States Michigan
86%
United States Minnesota
86%
Canada Saskatchewan
86%
United States South Dakota
86%
Mexico Chihuahua
77%
Mexico Sonora
68%
Mexico Chiapas
64%
Mexico Aguascalientes
55%
Mexico Sinaloa
55%
Mexico Michoacán
50%
Mexico Campeche
45%
Mexico Coahuila
45%
Mexico Colima
45%
Mexico San Luis Potosí
45%
Mexico Morelos
36%
No matching quizzes found
Score Distribution
Percent of People with Each Score
Percentile by Number Answered
Your Score History
You have not taken this quiz